000 00430nam a2200169Ia 4500
008 230524s9999 xx 000 0 und d
020 _a8121917794
082 _a621.395
_bKUM
100 _aSubir Kumar Sarkar
245 0 _aOperational Amplifiers and their Applications
250 _a1ST
260 _aNEW DELHI
_bS.Chand
_c2003
300 _aVIII;440
500 _aQuantity Number: 5
650 _aElectronics
942 _cBK
999 _c18897
_d18897